Normal view
MARC view
- Funktioner av komplexa variabler
Entry Topical Term
001 - CONTROL NUMBER
- control field: 113881
003 - CONTROL NUMBER IDENTIFIER
- control field: NUST
005 - DATE AND TIME OF LATEST TRANSACTION
- control field: 20230801095953.0
008 - FIXED-LENGTH DATA ELEMENTS
- fixed length control field: 230801|| aca||aabn | a|a d
040 ## - CATALOGING SOURCE
- Original cataloging agency: NUST
- Transcribing agency: NUST
150 ## - HEADING--TOPICAL TERM
- Topical term or geographic name entry element: Funktioner av komplexa variabler
670 ## - SOURCE DATA FOUND
- Source citation: Work cat.: (NUST)189254: Brown, James Ward 8852, Complex variables and applications /, c2009.
